000 00585nam a2200205Ia 4500
003 OSt
005 20250124121725.0
008 210210b1950 xxu||||| |||| 00| 0 eng d
040 _cAL
041 _aKannada
082 _a859/68
100 _aKRASHNARAYA (Aa Na)
_9139014
_dಕೃಷ್ಣರಾಯ (ಅ ನ ಕೃ).
245 _aMuyyige muyyi
_bಮುಯ್ಯಿಗೆ ಮುಯ್ಯಿ
260 _aBengaluru
_b-
_c1950
650 _a Aa Na kru ಅ ನ ಕೃ
_9139015
650 _amuyyi
_9139016
690 _aKannada Fiction
_9139017
906 _a020851
942 _2ddc
_cBK
999 _c145009
_d145009